| 000 | 00473nam#a2200193#c#4500 | ||
|---|---|---|---|
| 003 | IEF | ||
| 005 | 20180219150628.0 | ||
| 008 | 941205s1990 uuu####fr####| 0||u| |u | ||
| 017 | _aM-1541-1990 | ||
| 040 | _aIEF | ||
| 245 | _aReglamento del registro mercantil : D. 1597 de 29-12-89 | ||
| 260 |
_aMadrid _b Tale _c1990 |
||
| 300 |
_a86 p. _c 23 cm. |
||
| 650 | 4 |
_aREGISTRO MERCANTIL _948234 |
|
| 650 | 4 |
_aESPAÑA _941092 |
|
| 942 | _cLIB | ||
| 942 | _z34618 | ||
| 999 |
_c9101 _d9101 |
||